[Event "EU-ch 18th"]
[Site "Minsk"]
[Date "2017.06.01"]
[Round "3"]
[White "Can, Emre"]
[Black "Navara, David"]
[Result "0-1"]
[WhiteElo "2589"]
[BlackElo "2739"]
[Annotator "Navara,D"]
[PlyCount "104"]
[EventDate "2017.05.30"]
[EventType "swiss"]
[EventRounds "11"]
[EventCountry "BLR"]
[SourceTitle "CBM 179"]
[Source "ChessBase"]
[SourceDate "2017.07.12"]
[SourceVersion "1"]
[SourceVersionDate "2017.07.12"]
[SourceQuality "1"]

{This game was played in the 3rd round. I drew my initial game and beat a much
lower rated player in the 2nd round. Before the game I was feeling tired and
wanted to play solidly without taking too many risks. After lunch I took and
nap and almost arrived late for the game, as I had failed to set the alarm
clock at the proper time.} 1. d4 Nf6 2. c4 g6 ({I have mostly been playing} 
2... e6 {, recently. Moreover, the Turkish players were accompanied by GM
Michal Krasenkow, who is a renowned expert in the Grünfeld Indian Defence.
Still, I find it both practical and interesting to vary the openings.}) 3. Nc3
d5 4. Nf3 Bg7 5. Qb3 {This was a surprise.} dxc4 6. Qxc4 O-O 7. e4 a6 {I had
prepared this line long ago with a friend who is also a renowned theoretician.
Still, it was the first time I had played it with Black! It took me some time
to recall the relevant lines.} 8. Be2 b5 9. Qb3 c5 10. dxc5 Be6 (10... Bb7 {
Navara - Giri, Wijk aan Zee 2015, is a decent alternative. I had faced it
myself in this game.}) 11. Qc2 Nbd7 12. Be3 Rc8 13. Rd1 b4 {I spent a lot of
time on this move. I more or less remembered the main line, but felt uncertain
about 14.Na4 and was not sure what was wrong with 13...Qa5.} (13... Qa5 {
is indeed playable but less practical.} 14. a3 (14. c6 Nb8 $1 15. Nd4 Ng4 16.
Bxg4 Bxg4 17. f3 Be6 18. Nxe6 fxe6 19. O-O Rxc6 {is probably fine for Black.})
14... b4 15. axb4 Qxb4 16. c6 $1 Rxc6 (16... Bb3 17. Rd4 $1) 17. Nd4 $14 {
might cause Black some problems.}) 14. Nd5 ({The alternative} 14. Na4 $6 Qa5
15. O-O (15. b3 Ng4 16. Bd4 Bxd4 17. Nxd4 Nxc5 18. Nxc5 Rxc5 {looked a bit
dangerous to me, but Black is completely fine.}) 15... Nxe4 16. Qxe4 Qxa4 {
is fine for Black, even though} 17. Ng5 {might lead to some complications.})
14... Bxd5 15. exd5 Nxc5 16. O-O (16. Bxc5 $2 {promises White less than
nothing, as Black's position is already easier to play after something like}
Qa5 17. Bxb4 Qxb4+ 18. Qd2 Qb6 19. O-O Rfd8 {.}) 16... Qd6 (16... Nce4 17. Qb3
$1 (17. Qd3 Qd6 18. Qxa6 Rc2 {transposes to the game.}) 17... Qd6 18. g3 Nc5
19. Qxb4 Nxd5 20. Qa3 {Aronian - Areshchenko, World Cup Baku 2015; Black
struggled in that game, but eventually managed to reach a draw and qualify for
the next round.}) (16... a5 {is completely fine, but the game Wang Hao - Giri
shows the perils connected with an inaccurate treatment of this position.
Accuracy is not my forte, therefore I chose a more solid option.}) 17. Qc4 ({
The main line is} 17. Rc1 Qb8 $1 {, when} 18. Bxc5 Nd7 19. Bxa6 Rxc5 20. Qd2
Qd6 {promises Black a good compensation.} {Onischuk - Caruana (Poikovsky 2011)
saw} 21. Rxc5 Nxc5 22. Bc4 Na4 23. Bb3 Nc5 24. Bc4 Na4 25. Bb3 {with a draw.})
17... Nce4 ({I discarded} 17... Na4 {on account of} 18. Qb3 {. True, Black can
probably equalise with} Nc5 19. Qxb4 (19. Qc4 Na4 $11) 19... Nxd5 {, e.g.} 20.
Qh4 Qc6 21. Bd4 Rfd8 $11) 18. Qxa6 Rc2 {So we have transposed to another line,
mainly 16...Nce4 17.Qd3 Qd6 18.Qxa6 Rc2. Black has enough compensation for the
sacrificed pawn.} 19. Bd4 Nc5 20. Qxd6 exd6 21. Bb5 Nfe4 22. Ne1 (22. Rc1 Rxc1
23. Rxc1 Ra8 $44 {is also fine for Black, as the recent practice shows:} 24.
Bxg7 Kxg7 25. Ra1 (25. Bc4 Na4 26. Rc2 Nb6 $11 {has been played in several
correspondence games.}) 25... Na4 $1 26. Bc6 Ra7 27. Bxa4 Rxa4 28. Nd4 Nf6 29.
Kf1 Nxd5 $11 {1/2-1/2 (67) Giri,A (2755)-Nepomniachtchi,I (2740) Moscow 2016})
22... Rd2 23. Nf3 Rxd1 ({There was nothing wrong with} 23... Rc2 {, but I felt
uncertain about 24.Rc1 and at the same time tempted to play on.}) 24. Rxd1 Ra8
25. Bc4 (25. Bxg7 Kxg7 26. Ra1 Na4 $1 $11) 25... Na4 26. Bxg7 Kxg7 {The rest
of the game was extensively analysed by IM Pavel Simacek at the Czech website
www.nss.cz (Novy Bor's Chess Server). Several times I could not but repeat his
lines.} 27. Rd4 $6 (27. Rb1 $11 {was more accurate.}) 27... Nec5 ({I was
tempted by} 27... Nxb2 $2 28. Rxe4 Nxc4 29. Rxc4 b3 {but in time spotted the
refutation, namely} 30. a4 $1 b2 31. Nd2 $1 (31. Rb4 $4 Rxa4 $1) 31... Rb8 32.
Nb1 $18 {.}) 28. Bb3 Nxb2 (28... Nxb3 29. axb3 Nc3 $6 {would be crushing if
not for} 30. Kf1 $1 {, when it is Black who needs to be careful.}) 29. Rxb4
Nxb3 (29... Nbd3 {was equally good. Black maintains some pressure after} 30.
Rd4 Nxb3 31. Rxd3 Rxa2 $15 {.}) 30. Rxb3 Rxa2 {Black has obtained some slight
initiative. White was already short of time, which did him a bad service.} 31.
h3 (31. h4 {was no better, as} Nd1 32. Ng5 Nxf2 33. Rf3 Ng4 34. Rxf7+ Kg8 {
enables Black to preserve the initiative.}) 31... Nd1 $6 (31... Na4 $1 {
was more accurate, e.g.} 32. Rd3 (32. Rb7 Nc5 33. Rc7 Ne4 $15) 32... Nc5 33.
Rd2 Ra1+ 34. Kh2 Ne4 {and White still has some problems with his weak pawns 
(Simacek).}) 32. Ng5 $1 (32. Rb7 h6 33. Nd4 Rxf2 34. Ne6+ Kg8 $1 35. Rb8+ Kh7
$15) 32... Rxf2 33. Rd3 $6 ({White could equalise by means of} 33. Rb7 $1 Rf5 (
33... h5 34. g4 {does not change much.}) 34. Ne6+ {followed by 35.Nd8!.}) 33...
Nb2 $1 ({The alternative} 33... Rf5 {is weaker, as} 34. Nf3 Nb2 35. Rd4 g5 36.
Nd2 $1 (36. Kf2 Rf4 $1 $15) 36... Nd1 37. Rd3 $1 {enables White to equalise.
The following lines are rather complicated and I did not examine them in the
game. In fact, I simply stopped after 35.Rd4, as I disliked the awkward
position of my knight.} Rf4 (37... Nf2 38. Rd4 $1 $11 {followed by the
eventual Nc4 is also equal.}) 38. Nf3 g4 (38... Nb2 39. Rb3 Nc4 40. Nxg5 Rf5
41. Rg3 Rxd5 42. Ne4+ Kf8 43. Nf6 $44) 39. hxg4 Nb2 40. Rb3 Nc4 41. Rb4 Rxg4
42. Nd2 Ne3 43. Rxg4+ Nxg4 44. Ne4 Nf6 45. Nxd6 Nxd5 {leads to a drawish
endgame.}) 34. Rb3 ({The endgame arising after} 34. Kxf2 Nxd3+ 35. Ke3 Nc5 {
is also unpleasant for White.}) 34... Rf5 35. Nxf7 (35. Ne4 Nc4 36. Rb4 Ne3 $15
{also promises Black some practical chances.}) 35... Kxf7 36. Rxb2 Kf6 $1 {
Activity first! The weak pawn will not run away.} (36... Rxd5 $2 37. Rb7+ Kg8
38. Rd7 $11 {would enable White to hold easily.}) 37. Rb5 $2 {I dare to put a
question mark to this move. It looks fairly normal, but I believe that exactly
this move turns a defensible position into a losing one. Not for the last time
in this game, as the endgame was too complicated to be played perfectly.} (37.
Rd2 Ke5 ({Pavel Simacek recommends} 37... h5 $1 38. g4 $1 Re5 $5 39. gxh5 gxh5
40. Kf2 Re4 $15 {. Black soon wins the d5-pawn, but there are too few pawns to
win this endgame. True, White would still need to prove that.}) 38. g4 $1 {
was more accurate, as Black cannot win the d5-pawn so comfortably. White
should hold rather easily.}) 37... h5 $1 38. g3 (38. Kh2 {probably does not
help, for} Ke5 39. g4 hxg4 40. hxg4 Rf3 41. Kg2 Rd3 42. Rb8 Rxd5 43. Kg3 $1 Kf6
$1 44. Kh4 Re5 $1 45. g5+ Ke6 46. Kg4 Re4+ $1 47. Kf3 d5 48. Rd8 Ke5 49. Rf8
Kd6 $1 {is winning for Black according to the Lomonosov tablebases. Needless
to say, this line is irrelevant from the practical point of view.}) 38... Ke5
39. Kg2 Ke4 40. Rb4+ Kxd5 $17 {The time trouble was away, but so was the
d5-pawn. The endgame is probably winning for Black.} 41. Rb1 {White prepares
for a frontal attack.} (41. g4 hxg4 42. Rxg4 Rf6 43. h4 Ke5 $19 {is too slow,
as White's king is cut off from the passed pawn.}) 41... Rf6 $6 {I spent a lot
of time on this move, but still started to dislike it soon after its
execution! I also realised that 42.h4 should suffice for a draw.} ({During the
game I regretting not having played} 41... Kc4 $6 {. Black wants to provoke
the move Rb(c)6, play Rf6, return with the king, push White's rook from the
6th rank and eventually play d6-d5. This would win if not for a great saving
resource, which enables White to activate his king.} 42. Rc1+ Kb3 43. Rb1+ Kc3
44. Rc1+ Kb3 (44... Kd2 {is similar to the main line, as White can also play}
45. Rc6 Rf6 (45... Rd5 46. Kf3) 46. g4 hxg4 (46... Kd3 47. Kg3 Kd4 48. Kh4 hxg4
49. Kxg4 $11) 47. h4 $3 {with a subsequent king's march to g5, generating
enough counterplay.} (47. hxg4 $2 Ke3 48. Kg3 Ke4 49. Kh4 Kf4 $1 {is lost for
White, but the proof is not easy.})) 45. Rb1+ Kc2 46. Rb6 Rf6 47. g4 hxg4 (
47... Kc3 48. Kg3 Kc4 49. Kh4 Kc5 $1 50. Ra6 Kb5 51. Ra1 hxg4 52. Kxg4 d5 53.
Rd1 Kc5 54. Rc1+ $11 {transposes to 47...hxg4 48.h4!!.}) 48. h4 $3 {This is
the great point.} (48. hxg4 $2 Kc3 {is lost for White according to the
Lomonosov tablebases.}) 48... Kc3 49. Kg3 Kc4 50. Kxg4 Kc5 51. Ra6 Kb5 52. Kg5
$1 Re6 53. Ra1 $1 d5 54. Rd1 Kc4 (54... Kc5 55. Rc1+ Kd6 56. Rd1 $11) 55. Rc1+
Kb3 56. Rd1 Rd6 57. Kf4 $11) ({Stronger is} 41... g5 $1 {, as pointed out by
Simacek.} {There might follow} 42. g4 ({During the game I was afraid of} 42.
Rb8 Kc4 43. Rc8+ (43. Rh8 d5 44. Rxh5 d4 45. h4 d3 46. hxg5 d2 47. Rh1 Kd3 $19)
43... Kb3 44. Rb8+ (44. Rh8 d5 45. Rxh5 d4 $19) 44... Kc3 45. Rc8+ (45. g4 hxg4
46. hxg4 Re5 47. Rc8+ Kd4) {, as I missed a strong reply} 45... Rc5 46. Rg8 Re5
$1 47. Rh8 (47. Kf3 d5) (47. Rc8+ Kd3 48. Rh8 g4 $19) 47... g4 48. hxg4 hxg4
49. Rg8 Re4 50. Rd8 Rd4 $19 {.}) 42... hxg4 43. hxg4 Re5 $19 {(Simacek). This
is a kind of position which I wanted to achieve. White's king remains cut off
and the kingside pawns cannot be exchanged. I would like to add that} 44. Kf3
Kc6 $1 45. Rc1+ Kd7 {followed by 46...d5 is winning for Black, as White's king
is cut off. The proof is still far from trivial, the main idea being that} 46.
Ra1 d5 47. Ra6 {can be met with} Ke7 $1 (47... d4 $2 48. Ra4 $1) 48. Rb6 d4 49.
Ra6 (49. Rb3 Kd6) 49... Re3+ 50. Kf2 Re4 51. Kf3 Rf4+ {when White's king would
be overloaded.}) 42. g4 $2 ({White should play} 42. h4 $1 {. Black can try} Ke4
43. Re1+ Kd3 44. Rd1+ Ke2 $1 (44... Ke3 45. Kh3) {, but White should hold after
} 45. Rd5 Ke3 46. Rd1 Rf2+ 47. Kh3 Rd2 48. Rf1 d5 49. Rf6 d4 (49... Rd4 50. Rd6
$3 {is another great point. White holds after} Kf2 51. Rxg6 Re4 52. Rg5 d4 53.
Rxh5 d3 54. Rd5 Ke2 55. h5 d2 56. g4 $11) 50. Rxg6 d3 51. g4 hxg4+ 52. Kg3 $3
$11 {. All of those lines were shown by IM Simacek.}) 42... hxg4 43. hxg4 (43.
h4 Rf3 $1 {is equally grim for White, e.g.} 44. Rd1+ (44. Rb4 Ke5 45. Rxg4 Rf6
46. Rg5+ Ke4 47. h5 gxh5 48. Rxh5 d5 49. Rh1 d4 $19) 44... Ke6 45. Re1+ Kd7 46.
Re4 (46. Rd1 Rh3) 46... d5 47. Rxg4 Rf6 $1 48. Kg3 Kd6 $19 {and the passed
pawn decides the issue.}) 43... Kc5 (43... Ke5 $1 {wins more quickly, as} 44.
Re1+ (44. Kg3 d5) {fails to} 44... Kf4 45. Kh3 d5 {.}) 44. Rc1+ Kd4 45. Kg3 (
45. Rd1+ Ke5 46. Kg3 d5 47. Re1+ Kd6 48. Rd1 g5 $19 {leads to a familiar
position.}) 45... d5 46. g5 Re6 47. Kf4 Re4+ 48. Kg3 ({Tablebases show that} 
48. Kf3 Ke5 49. Rc5 $1 {enabled White to prolong the resistance. Still, after}
Kd6 50. Ra5 Re6 $19 {the d-pawn should eventually yield Black a victory. The
following simple line is fairly relevant:} 51. Kf4 d4 52. Ra6+ Kd5 53. Rxe6
Kxe6 54. Ke4 d3 55. Kxd3 Kf5 $19 {.}) 48... Ke5 49. Rf1 $6 {White's position
was already bad, but there was no need to go down so quickly.} (49. Rc5 Kd6 50.
Ra5 Re6 $19) 49... d4 50. Rf8 d3 51. Re8+ (51. Kf3 {allows a nice finale} Rf4+
$5 (51... Rd4) 52. Rxf4 d2 53. Re4+ Kd5 $19 {.}) 51... Kd4 52. Rg8 Ke3 0-1

[Event "Olympiad-30"]
[Site "Manila"]
[Date "1992.06.14"]
[Round "6.4"]
[White "Sosonko, Gennadi"]
[Black "Mikhalchishin, Adrian"]
[Result "1-0"]
[WhiteElo "2530"]
[BlackElo "2530"]
[Annotator "Pein,M"]
[PlyCount "115"]
[EventDate "1992.06.08"]
[EventType "team-swiss"]
[EventRounds "14"]
[EventCountry "PHI"]
[SourceTitle "CBM 030"]
[Source "ChessBase"]
[SourceDate "1992.10.01"]
[SourceVersion "1"]
[SourceVersionDate "1992.10.01"]
[SourceQuality "1"]
[WhiteTeam "Netherlands"]
[BlackTeam "Ukraine"]
[WhiteTeamCountry "NED"]
[BlackTeamCountry "UKR"]

1. d4 Nf6 2. c4 g6 3. Nc3 d5 4. Nf3 Bg7 5. Qb3 dxc4 6. Qxc4 O-O 7. e4 Na6 8.
Be2 c5 9. d5 e6 10. O-O exd5 11. exd5 Bf5 12. Be3 Ne8 {N} 13. Qa4 Qb6 14. Bxa6
bxa6 15. Qa3 Rc8 (15... Bd4 16. Na4 Qf6 17. Bh6 Ng7 18. Bg5 Qd6 19. Nxd4) 16.
Na4 Qb5 17. Rac1 (17. Bxc5 Bxb2 $1) 17... Nd6 (17... c4 18. Nc3) 18. Bxc5 (18.
b3 Ne4 19. Nxc5 Nc3) 18... Nc4 19. Qb3 Nxb2 20. Bxf8 Rxf8 21. Nxb2 Bxb2 22. Rc7
Rd8 23. Rd1 Bf6 24. Qxb5 axb5 25. Rxa7 Bc2 26. Rd2 Be4 27. d6 Bc3 28. Rd1 Bc2
29. Rc1 Rxd6 30. h4 Rd1+ 31. Rxd1 Bxd1 32. Ng5 f6 33. Ne4 Be5 34. Nc5 h6 35.
Rb7 Be2 36. Nb3 g5 37. h5 Bc3 38. f3 b4 39. Kf2 Bc4 40. Ke3 f5 41. Ra7 f4+ (
41... Bf7 42. Rxf7 Kxf7 43. g4 fxg4 44. fxg4 Ke6 45. Nd4+ {/\ Nf5}) 42. Ke4 Bf1
43. Nd4 Bxd4 44. Kxd4 Bxg2 45. Ke4 g4 46. Kxf4 Bxf3 47. Ra4 Bd5 48. Kxg4 Be6+
49. Kf4 Bf7 50. Ke5 b3 51. a3 Bxh5 52. Rb4 Bd1 53. a4 h5 54. a5 h4 55. a6 h3
56. a7 Bf3 57. Rxb3 Bg2 58. Rxh3 1-0

[Event "FIDE-Wch k.o."]
[Site "Groningen"]
[Date "1997.12.14"]
[Round "3.1"]
[White "Piket, Jeroen"]
[Black "Van Wely, Loek"]
[Result "1/2-1/2"]
[WhiteElo "2630"]
[BlackElo "2655"]
[Annotator "Piket,L"]
[PlyCount "40"]
[EventDate "1997.12.09"]
[EventType "k.o."]
[EventRounds "7"]
[EventCountry "NED"]
[SourceTitle "CBM 063"]
[Source "ChessBase"]
[SourceDate "1998.03.26"]
[SourceVersion "1"]
[SourceVersionDate "1998.03.26"]
[SourceQuality "1"]

1. d4 Nf6 2. Nf3 g6 3. c4 Bg7 4. Nc3 d5 5. Qb3 dxc4 6. Qxc4 O-O 7. e4 a6 8. Qa4
$5 $146 Nbd7 (8... b5 $2 9. Bxb5) (8... c5 9. dxc5 Nbd7 (9... Nfd7) 10. c6 (10.
Be3)) (8... Bg4) 9. e5 (9. Bf4 $5 b5 (9... c5 $5) 10. Qa5 (10. Bxb5 $2 Nb6)
10... c5 11. Bc7 Qe8 12. Bxb5) 9... Ng4 (9... Nb6 10. exf6 Nxa4 11. fxg7 Re8 $1
12. Nxa4 e5 $5 13. dxe5 (13. Be3 exd4 14. O-O-O c5 15. Nxc5 Qc7) 13... Bg4 14.
Nc3 Bxf3 15. gxf3 Rxe5+ 16. Be3 $44 (16. Be2 Qh4)) 10. h3 Nh6 11. Qa3 (11. Be2
c5 (11... b5 12. Qc2 (12. Qa5 $5) 12... c5 13. Bxh6 Bxh6 14. Rd1) 12. Bxh6 Bxh6
13. Rd1) (11. Bxh6 Bxh6 12. Rd1) 11... Nb6 12. Bxh6 Bxh6 13. Bd3 Be6 14. O-O c6
15. Rfe1 Qc7 16. Rad1 Rfd8 (16... Rad8) 17. Ne4 Bd5 18. Bc2 Bxe4 $1 19. Bxe4 (
19. Rxe4 e6 20. h4) 19... e6 20. h4 Rd7 {21.g3 Tad8 [21...Dd8!? Van Wely] 22.
Db3 Sd5 [22...c5 23. dxc5 Dxc5 24. Lxb7!] 24. Kg2 [24. h5!?] 24...c5=} 1/2-1/2

[Event "FRA-ch 57 Championnat"]
[Site "Schiltigheim"]
[Date "1982.08.18"]
[Round "3"]
[White "Giffard, Nicolas"]
[Black "Seret, Jean Luc"]
[Result "1-0"]
[WhiteElo "2345"]
[BlackElo "2400"]
[Annotator "Primel,D"]
[PlyCount "89"]
[EventDate "1982.08.16"]
[EventType "swiss"]
[EventRounds "13"]
[EventCountry "FRA"]
[SourceTitle "EXT 2004"]
[Source "ChessBase"]
[SourceDate "2003.11.25"]
[SourceVersion "1"]
[SourceVersionDate "2003.11.25"]
[SourceQuality "1"]

1. d4 g6 (1... d5 2. c4 c6 3. Nc3 Nf6 4. Nf3 dxc4 5. a4 Bf5 {Giffard,N (2300)
-Seret,J (2340) FRA-ch 54th Puteaux 1980 (11) 0-1}) 2. c4 Bg7 3. Nc3 Nf6 4. Nf3
d5 5. Qb3 {La variante russe} dxc4 6. Qxc4 O-O 7. e4 (7. Bf4) 7... Na6 {
[%cal Gc7c5,Ga6b4]} (7... a6 {L'alternative} 8. e5 b5 9. Qb3 Nfd7 10. h4 $5 {
Une attaque trés dangereuse а contrer} c5 11. e6 $1 fxe6 (11... c4) 12. h5 $40
{[%csl Rg8][%cal Gh5g6]}) 8. Be2 (8. Bf4 c5 9. dxc5 Qa5 {[%cal Ga5e1,Ga6c5,
Gf6e4]} 10. e5 Nd7 11. a3 Qxc5 12. Nd5 Nb6 $1) 8... c5 9. d5 Nb4 $2 {JL SERET
a peu joué la défense GRUNFELD car il préférait la défense Slave ou
l'Est-Indienne et le manque d'expérience va d'ailleurs se faire ressentir. En
effet, Nb4 est une suite secondaire considérée comme très douteuse.} (9... e6
$8 {Il faut attaquer le centre et c'est la ligne principale.} 10. O-O exd5 11.
exd5 {[%csl Gd5] Les blancs ont l'avantage d'espace et une position dynamque
mais en cas d'échange de pièces, le P "d5" sera vite une faiblesse.} Bf5 (11...
Re8)) 10. Qb3 (10. O-O {Rozentalis,E (2577)-Figura,A Berlin sim 1-0}) 10... e6
$146 (10... a5 {Schlieder,R-Groschupff,H DDR-ch 05th Meerane (14) 1-0}) 11. a3
Qa5 12. O-O exd5 13. exd5 Na6 14. Bf4 Qd8 15. h3 Nh5 16. Bh2 Qf6 17. Qa4 Qb6
$132 {[%cal Gb6b2]} 18. Qb5 Qxb5 19. Bxb5 Rd8 20. Rad1 {L'éternel problème du
choix de la R а placer au centre:  Avec un P central isolé, la colonne "e" ne
semble pas un bon choix pour la R de l'aile-roi а cause du risque d'échange et
comme il est difficile de doubler а cause de Bh6 comme dans la partie, il
semblait de jouer Rfd1} (20. Rfd1 $1 {A comparer а la suite de la partie ou
les blancs ont moins de pression sur la colonne "a"} Bd7 21. a4 Bxb5 22. axb5
Nb4 23. Bc7 $1 $16 Rd7 24. d6 $16 {[%csl Ga1,Ra7]}) 20... Bd7 21. a4 $2 (21.
Bc4) (21. Ne5 Bxb5 22. Nxb5 $14) (21. Bxd7 {N.GIFFARD pensait garder
l'avantage avec cette suite.} Rxd7 22. g4 Nf6 23. Ne5 Rdd8 24. Rfe1) 21... Bxb5
22. axb5 {Une décision un peu discutable car la reprise serait davantage
justifiée avec une 20.Rfd1 et non pas Rad1 de manière а faire pression sur la
colonne "a"} (22. Nxb5 $5 Bxb2 23. g4 Nf6 24. Rd2 Bd4 25. Nfxd4 cxd4 26. d6 $1)
22... Nb4 {[%cal Gb4d5]} 23. Rd2 {[%cal Gf1d1]} Bh6 $1 24. Rdd1 Nf4 25. Bxf4
Bxf4 26. g3 Bh6 27. Ne5 Bg7 28. f4 c4 29. d6 Bxe5 $6 30. fxe5 Nd3 31. Rxd3 $1
cxd3 32. Nd5 f5 $6 {Les noirs ne peuvent plus miner le centre blanc et ils
obtiennent une position très passive.} 33. Rd1 {Le centre et le cavalier actif
donne un net avantage blanc} Kf7 34. Nc7 Rac8 35. Rxd3 (35. e6+ $142 {[%cal
Ge6f7]}) 35... Rxc7 36. dxc7 Rc8 37. Rd7+ Ke6 38. Rxh7 Kxe5 39. Kf2 Kd6 40. Ke3
g5 41. h4 f4+ 42. Kf3 gxh4 43. gxh4 Ke5 44. h5 Kf5 45. Rg7 {N.GIFFARD fait
d'une pierre, deux coups. il bat un sérieux candidat au titre et il s'empare
de la tête du tournoi après cette 3ème ronde.} 1-0